000 00570nam a22001817a 4500
005 20251108164708.0
008 250721s2009 xx 000 0 ara d
082 1 4 _a611/خيط
100 1 _aأبو خيط، صالح بشير
_eمؤلف
245 1 0 _aمبادئ علم التشريح للرياضيين /
264 1 _aعمان :
_bدار زهران للنشر و التوزيع،
_c2009.
300 _a276 ص.
650 1 7 _aالتشريح
650 1 7 _aالرياضيون
700 1 _aكماش، يوسف لازم
_eمؤلف
942 _2ddc
_cBK
999 _c12079
_d12079